000 00643nam a22001937a 4500
999 _c163203
_d163203
005 20190402133116.0
010 _aENG-125007
020 _a9788186772980
_c2695.00
035 _aEN-108539
037 _bDBAD/PUB
082 _a910.02091
245 _aJourneys into the past:
_bHistorical and heritage tourism in Bengal/
_cedited by Suman Mukherjee
260 _aNew Delhi
_bNew Academic Publishers
_c2018
270 _a4760-61/23, Ansari Road, Daryaganj
_bNew Delhi
300 _axxviii,544p.
_c23cm(Hb)
500 _aincludes bibliographical references
700 _aSuman Mukherjee
942 _2ddc
_cEN
_h910.02091
_mJOU